|
|
|
|
| LEADER |
00000nam0a2200000 4500 |
| 001 |
347825 |
| 005 |
20240117143932.0 |
| 035 |
|
|
|a (RuTPU)RU\TPU\book\379780
|
| 090 |
|
|
|a 347825
|
| 100 |
|
|
|a 20220712d2022 k y0rusy50 ca
|
| 101 |
0 |
|
|a rus
|
| 102 |
|
|
|a RU
|
| 105 |
|
|
|a a dm 001zy
|
| 200 |
1 |
|
|a Обоснование параметров древесно-угольных смесей в качестве топлива котельных агрегатов
|e автореферат диссертации на соискание ученой степени кандидата технических наук
|e спец. 05.14.04
|f Ж. А. Косторева
|g Национальный исследовательский Томский политехнический университет ; науч. рук. Г. В. Кузнецов
|
| 210 |
|
|
|a Томск
|c [Б. и.]
|d 2022
|
| 215 |
|
|
|a 22 с.
|c ил.
|
| 300 |
|
|
|a Защита сост. 23.09.2022 г.
|
| 320 |
|
|
|a Библиогр.: с. 21-22 (6 назв.)
|
| 452 |
|
1 |
|0 (RuTPU)RU\TPU\retro\27431
|t Обоснование параметров древесно-угольных смесей в качестве топлива котельных агрегатов
|o автореферат диссертации на соискание ученой степени кандидата технических наук
|o спец. 05.14.04
|f Ж. А. Косторева
|g Национальный исследовательский Томский политехнический университет ; науч. рук. Г. В. Кузнецов
|c Томск
|d 2022
|a Косторева, Жанна Андреевна
|
| 606 |
1 |
|
|a Топливо твердое
|x Сжигание в котельных топках
|2 stltpush
|3 (RuTPU)RU\TPU\subj\60970
|9 78187
|
| 610 |
1 |
|
|a древесно-угольные смеси
|
| 610 |
1 |
|
|a промышленная энергетика
|
| 610 |
1 |
|
|a котельные агрегаты
|
| 610 |
1 |
|
|a сжигание
|
| 610 |
1 |
|
|a топочные камеры
|
| 610 |
1 |
|
|a зажигание
|
| 610 |
1 |
|
|a уголь
|
| 610 |
1 |
|
|a древесина
|
| 610 |
1 |
|
|a окружающая среда
|
| 610 |
1 |
|
|a энергетические ресурсы
|
| 610 |
1 |
|
|a материальные ресурсы
|
| 610 |
1 |
|
|a антропогенные нагрузки
|
| 610 |
1 |
|
|a твердые отходы
|
| 610 |
1 |
|
|a радиоактивное загрязнение
|
| 610 |
1 |
|
|a авторефераты диссертаций
|
| 610 |
1 |
|
|a труды учёных ТПУ
|
| 675 |
|
|
|a 621.182.2-66(04)
|v 4
|
| 686 |
|
|
|a 05.14.04
|2 oksvnk
|
| 700 |
|
1 |
|a Косторева
|b Ж. А.
|c специалист в области теплоэнергетики
|c инженер Томского политехнического университета
|f 1994-
|g Жанна Андреевна
|3 (RuTPU)RU\TPU\pers\46427
|
| 702 |
|
1 |
|a Кузнецов
|b Г. В.
|c специалист в области теплоэнергетики
|c профессор Томского политехнического университета, доктор физико-математических наук
|f 1949-
|g Гений Владимирович
|3 (RuTPU)RU\TPU\pers\25528
|4 727
|9 11458
|
| 712 |
0 |
2 |
|a Национальный исследовательский Томский политехнический университет
|c (2009- )
|3 (RuTPU)RU\TPU\col\15902
|9 26305
|
| 801 |
|
1 |
|a RU
|b 63413507
|c 20220712
|
| 801 |
|
2 |
|a RU
|b 63413507
|c 20220926
|g RCR
|
| 942 |
|
|
|c BK
|